LIBRARY ONLINE CATALOGUE

International relations / (Record no. 9105)

MARC details
000 -LEADER
fixed length control field 00605cam a22002052 4500
001 - CONTROL NUMBER
control field 0000019865
005 - DATE AND TIME OF LATEST TRANSACTION
control field 20151217152203.0
008 - FIXED-LENGTH DATA ELEMENTS--GENERAL INFORMATION
fixed length control field 110301s xx 000 0 eng d
020 ## - INTERNATIONAL STANDARD BOOK NUMBER
International Standard Book Number 205719143 :
040 ## - CATALOGING SOURCE
Original cataloging agency KABU
Transcribing agency KABU
100 1# - MAIN ENTRY--PERSONAL NAME
Personal name Goldstein, S. Joshua.
-- 0000159308
245 10 - TITLE STATEMENT
Title International relations /
Statement of responsibility, etc. Joshua, S. Golstein.
250 ## - EDITION STATEMENT
Edition statement Brief 5th ed.
260 ## - PUBLICATION, DISTRIBUTION, ETC. (IMPRINT)
Place of publication, distribution, etc. New Delhi :
Name of publisher, distributor, etc. Pearson Education,
Date of publication, distribution, etc. 2011.
300 ## - PHYSICAL DESCRIPTION
Extent xxi, 391 p.
650 #0 - SUBJECT ADDED ENTRY--TOPICAL TERM
Topical term or geographic name as entry element International relations.
-- 0000158257
852 1# - LOCATION
-- p2240 KES
908 ## - PUT COMMAND PARAMETER (RLIN)
Put command parameter 110301
950 ## - LOCAL HOLDINGS (RLIN)
-- 1
Holdings
Withdrawn status Lost status Source of classification or shelving scheme Not for loan Home library Current library Date acquired Total Checkouts Full call number Barcode Date last seen Price effective from Koha item type
    Library of Congress Classification   Kabarak, Main Campus Kabarak, Main Campus 17/12/2015   JZ1242 .G65 2011 c.1 22281 17/12/2015 17/12/2015 General Collection